000
00314nam a22001457a 4500
020
_a
978-93-81788-75-2
082
_a
920
_b
KEL/H
100
_a
KELLER, HELEN
245
_a
ANTE JEEVITHAKATHA
260
_a
KOZHIKODE
_b
OLIVE PUBLICATIONS
_c
2012
300
_a
146
520
_a
NOVEL
650
_a
NOVEL
942
_c
BK
999
_c
5367
_d
5367